Κατάλογος Βιβλιοθηκών Mediterranean College

Οικονομική των Μεταφορών (Record no. 8169)

MARC details
000 -LEADER
fixed length control field 01600cam a22001934a 4500
005 - ΗΜΕΡΟΜΗΝΙΑ ΚΑΙ ΩΡΑ ΤΕΛΕΥΤΑΙΑΣ ΕΝΗΜΕΡΩΣΗΣ
Πεδίο ελέγχου 20250605164328.0
008 - FIXED-LENGTH DATA ELEMENTS--GENERAL INFORMATION
Πεδίο ελέγχου σταθερού μήκους 250528s ||||||||||||||||||||||||d
035 ## - SYSTEM CONTROL NUMBER
System control number 23139
020 ## - ISBN
ISBN 9603516716
040 ## - ΠΗΓΗ ΚΑΤΑΛΟΓΟΓΡΑΦΗΣΗΣ
Φορέας πρωτότυπης καταλογογράφησης MC Athens Campus Library
Γλώσσα καταλογογράφησης Ελληνικά, Μοντέρνα (1453-)
Modifying agency MC Athens Campus Library
Κανόνες περιγραφικής καταλογογράφησης AACR2
245 1# - ΤΙΤΛΟΣ ΚΑΙ ΔΗΛΩΣΗ ΥΠΕΥΘΥΝΟΤΗΤΑΣ
Τίτλος Οικονομική των Μεταφορών
260 ## - PUBLICATION, DISTRIBUTION, ETC.
Name of publisher, distributor, etc. Σταμούλης Α,
Date of publication, distribution, etc. 2006
300 ## - PHYSICAL DESCRIPTION
Extent 288
520 ## - SUMMARY, ETC.
Summary, etc. Το παρόν βιβλίο πραγματεύεται τα σύγχρονα θέματα της οικονομικής των μεταφορών με στόχο να ερμηνεύσει την οργάνωση της αγοράς των μεταφορών και να απαντήσει στα κύρια ερωτήματα της λειτουργίας της. Πρόλογος, Νέα Μεταφορική Υποδομή, Πολιτική Μεταφορών στην Ευρωπαϊκή Ένωση: Η Περίπτωση των Σιδηροδρομικών Μεταφορών, Διαδικασίες Χρηματοδότησης στις Μεταφορές, Βιωσιμότητα και Εκσυγχρονισμός: Η Περιπτωση των Ελληνικων Σιδηροδρόμων, Επένδυση σε Μεταφορικά Εργα: Ιεράρχηση Σκοπιμότητα Βιωσιμότητα, Ανάπτυξη και Μεταφορές, Ανταγωνισμός και Management, Ασφάλεια και Επικινδυνότητα, Επίλογος, Βιβλιογραφία.
700 1# - ΠΡΟΣΘΕΤΗ ΑΝΑΓΡΑΦΗ--ΦΥΣΙΚΟ ΠΡΟΣΩΠΟ
Personal name Μουρμούρης Ιωάννης Κ
9 (RLIN) 8703
942 ## - ADDED ENTRY ELEMENTS (KOHA)
Koha item type Books
Holdings
Τύπος τεκμηρίου Βιβλιοθήκη Τρέχουσα τοποθεσία Barcode Αριθμός εισαγωγής Ημερομηνία απόκτησης Ταξιθετικό σύμβολο Αριθμός αντιτύπου Κατάσταση απόσυρσης Κατάσταση χαμένου Κατάσταση κατεστραμμένου Μη δανεισμός Σύνολο δανεισμών Ημερομηνία τελευταίας εμφάνισης Η τιμή ισχύει από
Books MC Athens Campus Library MC Athens Campus Library 9780000081681 7560 05/06/2025 388 MOU 1           05/06/2025 05/06/2025

MC Athens Campus Library
Πατησίων 94 & Κοδριγκτώνος 13, 104 34
Πελλήνης 8 & Πατησίων 107, 112 51
Τ: +30 210 8899600

MC Thessaloniki Campus Library
Ίωνος Δραγούμη 21, 54625 | Ίωνος Δραγούμη 15, 54625
Τ: +30 2310 287779 – Τ: +30 2314 440300